000 00997nam a2200277 c 4500
999 _c36429
_d36429
003 BLK
005 20220721160845.0
008 180408b bul|||||r ||||||| ||bul||
010 _aKNG00039412000
040 _aBLK
041 _aBUL
_cBUL
080 _aБългарска литература
_b821.163.2
_x-1
_z821.163.2-1
100 1 _aЕвтимов, Евтим Михалушев
_eпърви автор
_9365147
139 _aЕвтимов, Евтим Михалушев
_bЕ 22
245 1 0 _aБългарска земя
_bЛирика
_cЕвтим Михалушев Евтимов; худож. Тончо Тончев.
257 _aBGR
260 _aСофия
_bПрофиздат
_c1972
300 _a116 с.
_bс ил.
_c25 см
380 _aX
700 1 _aТончев, Тончо
_eхудож.
_9366917
852 _aЦб 64993
_bЦб
856 4 _qpdf
856 4 _qpdf
942 _cKNG
_n0
_s1
944 _aCR
_c29.04.2015
_kХристина_Везирева
944 _aED
_c11.09.2017
_kПенка_Димитрова
944 _aED
_c2022-07-21
_kВП
999 _d36429